Statistiche per Leader dell'Unione Europea (2016)

Clicka qui per fare il quiz!

Statistiche generali

  • Questo quiz è stato fatto 44 volte
  • Il punteggio medio è 14 su 28

Statistiche sulle risposte

leadernazione% Corretto
Emmanuel MacronFrancia
97%
Angela MerkelGermania
97%
Giuseppe ConteItalia
97%
Boris JohnsonRegno Unito
97%
Pedro SánchezSpagna
86%
António CostaPortogallo
81%
Viktor OrbánUngheria
81%
Kyriakos MitsotakisGrecia
70%
Mateusz MorawieckiPolonia
62%
Mette FrederiksenDanimarca
54%
Nicos AnastasiadesCipro
51%
Charles MichelBelgio
46%
Mark RuttePaesi Bassi
46%
Boyko BorisovBulgaria
43%
Joseph MuscatMalta
43%
Andrej PlenkovićCroazia
35%
Krišjānis KariņšLettonia
35%
Andrej BabišRepubblica Ceca
35%
Stefan LöfvenSvezia
32%
Brigitte BierleinAustria
30%
Marjan ŠarecSlovenia
30%
Antti RinneFinlandia
27%
Xavier BettelLussemburgo
27%
Klaus IohannisRomania
22%
Jüri RatasEstonia
19%
Peter PellegriniSlovacchia
19%
Leo VaradkarIrlanda
14%
Gitanas NausėdaLituania
14%

Distribuzione punteggi

Percentile per numero di risposta

Percentuale di utenti per punteggio

I tuoi punteggi nel tempo

Non hai fatto questo quiz